[Event "NK senioren en veteranen 2017"]
[Site "Dieren, Netherlands"]
[Date "2017.07.15"]
[Round "1"]
[White "Van den Berg, Ad"]
[Black "Hoogland, Dirk"]
[Result "1-0"]
[WhiteElo "2210"]
[BlackElo "2084"]
[PlyCount "111"]
[EventDate "2017.??.??"]

1. e4 c5 2. Nc3 g6 3. Nf3 Bg7 4. d4 cxd4 5. Nxd4 Nc6 6. Be3 Nf6 7. Bc4 O-O 8.
Bb3 Ng4 9. Qxg4 Nxd4 10. Qh4 Nxb3 11. axb3 b6 12. O-O-O Bb7 13. Bd4 e5 14. Qxd8
Raxd8 15. Be3 f5 16. f3 fxe4 17. fxe4 Bf6 18. Nd5 Bxd5 19. Rxd5 d6 20. Kd2 Rf7
21. b4 Rc7 22. Ra1 Rdc8 23. c3 Be7 24. Ke2 Kf7 25. Ra6 Rb7 26. Rd1 Ke6 27. b5
Rcc7 28. Ra4 h5 29. h3 Bh4 30. Rf1 Rf7 31. Rxf7 Rxf7 32. c4 Rc7 33. b3 Bg3 34.
Ra1 Rf7 35. b4 Rc7 36. Kd3 Bh4 37. Ra6 Be7 38. g4 hxg4 39. hxg4 Kd7 40. Ra1 Ke6
41. Rh1 Bf8 42. g5 Rf7 43. Ra1 Rc7 44. Ra6 Be7 45. Ra2 Bf8 46. Rf2 Be7 47. Rf1
Rb7 48. Rh1 Bf8 49. Rh8 Rf7 50. Ke2 Bg7 51. Re8+ Kd7 52. Ra8 Ke6 53. c5 Rb7 54.
c6 Rc7 55. Rb8 Ke7 56. Kd3 1-0

[Event "NK senioren en veteranen 2017"]
[Site "Dieren, Netherlands"]
[Date "2017.07.15"]
[Round "1"]
[White "Etmans, Maarten"]
[Black "Overeem, Marc"]
[Result "1/2-1/2"]
[WhiteElo "2035"]
[BlackElo "2204"]
[PlyCount "49"]
[EventDate "2017.??.??"]

1. b3 e5 2. Bb2 d6 3. e3 Nf6 4. d4 exd4 5. exd4 d5 6. Nf3 Be7 7. Be2 O-O 8. O-O
Bf5 9. c4 Ne4 10. Nbd2 Nc6 11. Ne5 Nxe5 12. dxe5 Nxd2 13. Qxd2 dxc4 14. Qxd8
Raxd8 15. Bxc4 Bd3 16. Rfd1 Bxc4 17. bxc4 c6 18. Kf1 Rxd1+ 19. Rxd1 Rd8 20.
Rxd8+ Bxd8 21. Ke2 Kf8 22. Kd3 Ke7 23. Ke4 Kd7 24. f4 Bb6 25. g4 1/2-1/2

[Event "NK senioren en veteranen 2017"]
[Site "Dieren, Netherlands"]
[Date "2017.07.15"]
[Round "1"]
[White "Homs, Guust"]
[Black "Sprinkhuizen, Arno"]
[Result "1/2-1/2"]
[WhiteElo "2187"]
[BlackElo "2026"]
[PlyCount "102"]
[EventDate "2017.??.??"]

1. e4 c5 2. c3 Nf6 3. d3 Nc6 4. f4 d6 5. Nf3 e6 6. g3 Be7 7. Bg2 O-O 8. O-O a6
9. Qe2 Bd7 10. Nbd2 Qc7 11. b3 Ne8 12. Bb2 Bf6 13. Rf2 b5 14. Nf1 b4 15. c4
Bxb2 16. Qxb2 a5 17. d4 Nf6 18. d5 exd5 19. cxd5 Ne7 20. N3d2 Bb5 21. Ne3 Rad8
22. Ndc4 Bxc4 23. Nxc4 Nc8 24. Rd1 Nb6 25. Qc2 Nxc4 26. Qxc4 Rfe8 27. Re2 Nd7
28. Rde1 Re7 29. Qd3 Qb6 30. Kh1 Rde8 31. Re3 f6 32. Bh3 Nf8 33. Bf1 Nd7 34.
Qc2 Nf8 35. Bc4 Kh8 36. Qe2 Nd7 37. Qh5 Qb8 38. Bd3 Nf8 39. g4 g6 40. Qh4 Kg7
41. g5 f5 42. Qf2 Qb7 43. Qb2+ Kg8 44. Qf6 fxe4 45. Qxd6 exd3 46. Rxe7 Rxe7 47.
Rxe7 d2 48. Rxb7 d1=Q+ 49. Kg2 Qe2+ 50. Kg3 Qe3+ 51. Kg2 Qe2+ 1/2-1/2

[Event "NK senioren en veteranen 2017"]
[Site "Dieren, Netherlands"]
[Date "2017.07.15"]
[Round "1"]
[White "Jonkman, Fokke"]
[Black "Van Rijn, Anton"]
[Result "0-1"]
[WhiteElo "2021"]
[BlackElo "2163"]
[PlyCount "94"]
[EventDate "2017.??.??"]

1. c4 c5 2. Nf3 Nc6 3. d4 cxd4 4. Nxd4 g6 5. e4 Bg7 6. Be3 d6 7. Nc3 Bd7 8. Be2
Nf6 9. O-O O-O 10. h3 a6 11. Nb3 b6 12. Rc1 Rb8 13. Nd2 Ne8 14. Ndb1 Nc7 15.
Qd2 Ne6 16. f4 Ned4 17. Bd1 b5 18. cxb5 axb5 19. b4 f5 20. a4 fxe4 21. axb5
Nxb5 22. Nxb5 Rxb5 23. Ba4 Qb8 24. Na3 Rb6 25. b5 Nd8 26. Nc4 Rb7 27. Na5 Rxb5
28. Bxb5 Qxb5 29. Rb1 Qf5 30. Nb3 Bb5 31. Rfd1 Bd3 32. Rbc1 Qd5 33. Qb4 Ne6 34.
Na5 Nxf4 35. Bxf4 Rxf4 36. Nc6 Bf6 37. Qb8+ Kg7 38. Nb4 Qd4+ 39. Kh1 Qb2 40.
Rc8 Rf1+ 41. Rxf1 Bxf1 42. Rg8+ Kh6 43. Qf8+ Kh5 44. g4+ Kg5 45. h4+ Kxg4 46.
Qc8+ Kg3 47. Qc2 Bg2+ 0-1

[Event "NK senioren en veteranen 2017"]
[Site "Dieren, Netherlands"]
[Date "2017.07.15"]
[Round "1"]
[White "Schouten, Nico"]
[Black "Smeets, Pierre"]
[Result "0-1"]
[WhiteElo "2159"]
[BlackElo "1997"]
[PlyCount "114"]
[EventDate "2017.??.??"]

1. d4 d5 2. c4 c6 3. Nc3 Nf6 4. Nf3 Qb6 5. e3 Bg4 6. Be2 e6 7. O-O Nbd7 8. b3
Be7 9. Bd2 O-O 10. a3 Ne4 11. Be1 f5 12. Qc2 Qd8 13. Ne5 Bxe2 14. Nxe2 Bd6 15.
f3 Nef6 16. Nd3 Qe7 17. Bg3 g6 18. Bxd6 Qxd6 19. f4 Ne4 20. c5 Qe7 21. b4 a6
22. a4 h6 23. Qb2 g5 24. b5 g4 25. bxc6 bxc6 26. Qc2 Rfb8 27. Rfb1 Qd8 28. Nc3
Qa5 29. Nxe4 fxe4 30. Nf2 Nf6 31. Qd1 h5 32. Qc1 Qc7 33. Nd1 a5 34. Qc3 Qa7 35.
Qe1 Kf7 36. Nc3 Rb4 37. Na2 Rxb1 38. Rxb1 Rb8 39. Kf2 g3+ 40. hxg3 Ng4+ 41. Kg1
Rxb1 42. Qxb1 Qa6 43. Qd1 Kg6 44. Nc1 Qc4 45. f5+ exf5 46. Ne2 Qa2 47. Nf4+ Kh6
48. Qf1 Qd2 49. Nxd5 cxd5 50. Qf4+ Kg6 51. Qd6+ Nf6 52. c6 Qxe3+ 53. Kh2 Qc1
54. g4 hxg4 55. c7 e3 56. Qd8 f4 57. g3 f3 0-1

[Event "NK senioren en veteranen 2017"]
[Site "Dieren, Netherlands"]
[Date "2017.07.15"]
[Round "1"]
[White "Landsbergen, Ron"]
[Black "Selten, Jan"]
[Result "0-1"]
[WhiteElo "1969"]
[BlackElo "2124"]
[PlyCount "130"]
[EventDate "2017.??.??"]

1. e4 e6 2. c4 d5 3. exd5 exd5 4. d4 Nf6 5. Nc3 c6 6. Bg5 Bb4 7. cxd5 cxd5 8.
Qa4+ Nc6 9. Bb5 Bxc3+ 10. bxc3 O-O 11. Ne2 h6 12. Bxf6 Qxf6 13. O-O Bd7 14. Qb3
Qd6 15. Bd3 Rfc8 16. Rab1 Rc7 17. Rfc1 Rac8 18. Qb2 Na5 19. Qb4 Qxb4 20. cxb4
Nc4 21. Rc3 b5 22. Rbc1 g5 23. R1c2 a5 24. bxa5 b4 25. Rb3 Ba4 26. Rxb4 Bxc2
27. Bxc2 Nxa5 28. Bd3 Rb7 29. Rxb7 Nxb7 30. a4 Kf8 31. f4 Ke7 32. fxg5 hxg5 33.
Kf2 Nd6 34. Kf3 f5 35. g4 Kf6 36. gxf5 Nxf5 37. a5 Rh8 38. Bb5 Rxh2 39. a6 Rh3+
40. Kf2 Ra3 41. Ke1 Nd6 42. Bc6 Ke6 43. Nc3 Rxc3 44. a7 Ra3 45. a8=Q Rxa8 46.
Bxa8 Nf5 47. Kf2 Nxd4 48. Kg3 Ke5 49. Kg4 Ne6 50. Bb7 d4 51. Ba6 Nc5 52. Be2
Ne4 53. Bd1 Kf6 54. Be2 Nc3 55. Ba6 Nd5 56. Kf3 Nf4 57. Bc8 Ke5 58. Bd7 Nd5 59.
Bb5 Nf6 60. Bd3 g4+ 61. Kg2 Nd5 62. Kf2 Kf4 63. Bb5 g3+ 64. Kg2 Ne3+ 65. Kg1
Ke4 0-1

[Event "NK senioren en veteranen 2017"]
[Site "Dieren, Netherlands"]
[Date "2017.07.15"]
[Round "1"]
[White "Van Lanen, Toon"]
[Black "Mostertman, Loek"]
[Result "1-0"]
[WhiteElo "2108"]
[BlackElo "1961"]
[PlyCount "53"]
[EventDate "2017.??.??"]

1. e4 e5 2. Nf3 Nc6 3. d4 exd4 4. Nxd4 Nf6 5. Nxc6 bxc6 6. Bd3 d5 7. exd5 cxd5
8. O-O Bd6 9. Bg5 h6 10. Re1+ Be6 11. Bb5+ Kf8 12. Bh4 Rb8 13. a4 c6 14. Bxc6
Qc7 15. Bxf6 gxf6 16. Bxd5 Bxh2+ 17. Kh1 Be5 18. Ra3 Rxb2 19. Bxe6 fxe6 20. Rd3
Ke7 21. f4 Bxf4 22. Qg4 Kf7 23. Qxe6+ Kg6 24. Rd7 Qxc2 25. Qf7+ Kf5 26. Qh5+
Bg5 27. Rd5+ 1-0

[Event "NK senioren en veteranen 2017"]
[Site "Dieren, Netherlands"]
[Date "2017.07.15"]
[Round "1"]
[White "Gielen, Wim"]
[Black "Schouten, Henk"]
[Result "1/2-1/2"]
[WhiteElo "1932"]
[BlackElo "2103"]
[PlyCount "84"]
[EventDate "2017.??.??"]

1. f4 d5 2. Nf3 g6 3. e3 Bg7 4. Be2 Nf6 5. O-O O-O 6. d3 c6 7. Nc3 Qb6 8. Qe1
Bg4 9. h3 Bxf3 10. Bxf3 Nbd7 11. g4 Ne8 12. Kg2 e5 13. f5 Nd6 14. e4 dxe4 15.
dxe4 Rad8 16. Nd1 Qc7 17. Ne3 Nc5 18. g5 f6 19. fxg6 hxg6 20. Ng4 f5 21. exf5
Rxf5 22. Be3 Ne6 23. h4 e4 24. Be2 Rxf1 25. Qxf1 Nf5 26. Qf2 Nxe3+ 27. Qxe3
Nf4+ 28. Kf1 Nxe2 29. Kxe2 Qf7 30. Qb3 Rd5 31. Rf1 Rf5 32. Qxf7+ Kxf7 33. c3
Ke6 34. Rf2 Bf8 35. Nf6 Bc5 36. Rg2 e3 37. h5 gxh5 38. Nxh5 Rf2+ 39. Rxf2 exf2
40. g6 a5 41. Nf4+ Kf6 42. Nd3 Bd6 1/2-1/2

[Event "NK senioren en veteranen 2017"]
[Site "Dieren, Netherlands"]
[Date "2017.07.15"]
[Round "1"]
[White "Perrenet, Jacob"]
[Black "Erwich, Frans"]
[Result "1/2-1/2"]
[WhiteElo "2086"]
[BlackElo "1906"]
[PlyCount "69"]
[EventDate "2017.??.??"]

1. Nc3 d5 2. d4 Nf6 3. Bg5 Bf5 4. f3 Nbd7 5. Nxd5 Nxd5 6. e4 h6 7. Bd2 e5 8.
exf5 exd4 9. Bc4 N7b6 10. Qe2+ Be7 11. O-O-O O-O 12. Nh3 Nxc4 13. Qxc4 c5 14.
Rhe1 b5 15. Qe2 Bd6 16. g4 c4 17. Qe4 Bc5 18. g5 c3 19. Bxc3 Nxc3 20. bxc3 Qa5
21. Qd5 Qxc3 22. Qb3 hxg5 23. Nxg5 Bb4 24. Qxc3 dxc3 25. Ne4 Rfd8 26. Rg1 Kf8
27. f6 g6 28. h4 Ke8 29. Rde1 Kd7 30. Ng5 Kc6 31. Nxf7 Ba3+ 32. Kb1 Rd4 33. Rg4
Re8 34. Rge4 Rb4+ 35. Ka1 1/2-1/2

[Event "NK senioren en veteranen 2017"]
[Site "Dieren, Netherlands"]
[Date "2017.07.16"]
[Round "2"]
[White "Selten, Jan"]
[Black "Van den Berg, Ad"]
[Result "1/2-1/2"]
[WhiteElo "2124"]
[BlackElo "2210"]
[PlyCount "39"]
[EventDate "2017.??.??"]

1. e4 c5 2. c3 e5 3. Nf3 Nc6 4. Bc4 Qc7 5. O-O Be7 6. Ng5 Nd8 7. d3 Ne6 8. Nxe6
dxe6 9. f4 Bd6 10. fxe5 Bxe5 11. Qh5 a6 12. Nd2 Nf6 13. Qh4 Qe7 14. Nf3 Nd7 15.
Qf2 b5 16. Bb3 Bc7 17. Be3 Bb7 18. Bc2 Rc8 19. Rae1 h6 20. Kh1 1/2-1/2

[Event "NK senioren en veteranen 2017"]
[Site "Dieren, Netherlands"]
[Date "2017.07.16"]
[Round "2"]
[White "Van Rijn, Anton"]
[Black "Van Lanen, Toon"]
[Result "1/2-1/2"]
[WhiteElo "2163"]
[BlackElo "2108"]
[PlyCount "81"]
[EventDate "2017.??.??"]

1. d4 d5 2. c4 e6 3. Nf3 c5 4. cxd5 exd5 5. g3 Nc6 6. Bg2 Nf6 7. O-O Be7 8. Nc3
O-O 9. Bg5 cxd4 10. Nxd4 h6 11. Be3 Re8 12. Rc1 Bg4 13. h3 Be6 14. Kh2 Qd7 15.
Qa4 a6 16. Rfd1 b5 17. Qc2 Rac8 18. Nxe6 fxe6 19. Qb1 Bd6 20. Kg1 Qe7 21. Rc2
Bb8 22. Qc1 Qd7 23. Ne4 Nxe4 24. Bxe4 Ba7 25. Bg6 Rf8 26. Bxa7 Qxa7 27. e3 Ne7
28. Bd3 Rxc2 29. Qxc2 Rc8 30. Qe2 Qc7 31. Qg4 Qe5 32. Rd2 Kf7 33. h4 Rc1+ 34.
Kg2 Rc6 35. a3 Rc5 36. a4 bxa4 37. Qxa4 a5 38. b4 axb4 39. Qxb4 Qc3 40. Qf4+
Qf6 41. Qb4 1/2-1/2

[Event "NK senioren en veteranen 2017"]
[Site "Dieren, Netherlands"]
[Date "2017.07.16"]
[Round "2"]
[White "Smeets, Pierre"]
[Black "Homs, Guust"]
[Result "1/2-1/2"]
[WhiteElo "1997"]
[BlackElo "2187"]
[PlyCount "30"]
[EventDate "2017.??.??"]

1. Nf3 d5 2. c4 e6 3. g3 Nf6 4. Bg2 c5 5. O-O Nc6 6. b3 Be7 7. e3 O-O 8. Bb2 b6
9. Nc3 Bb7 10. cxd5 Nxd5 11. Nxd5 Qxd5 12. d4 Nb4 13. dxc5 Bxc5 14. a3 Na6 15.
Rc1 Qxd1 1/2-1/2

[Event "NK senioren en veteranen 2017"]
[Site "Dieren, Netherlands"]
[Date "2017.07.16"]
[Round "2"]
[White "Overeem, Marc"]
[Black "Gielen, Wim"]
[Result "1-0"]
[WhiteElo "2204"]
[BlackElo "1932"]
[PlyCount "37"]
[EventDate "2017.??.??"]

1. e4 c5 2. Nf3 e6 3. d4 cxd4 4. Nxd4 Nf6 5. Nc3 d6 6. Be3 a6 7. Be2 Be7 8. g4
Nc6 9. g5 Nd7 10. h4 Nb6 11. Nxc6 bxc6 12. Qd4 e5 13. Qxb6 Qd7 14. Bg4 Qxg4 15.
Qxc6+ Qd7 16. Qxa8 O-O 17. Qd5 Bb7 18. Qd3 f5 19. gxf6 1-0

[Event "NK senioren en veteranen 2017"]
[Site "Dieren, Netherlands"]
[Date "2017.07.16"]
[Round "2"]
[White "Schouten, Henk"]
[Black "Etmans, Maarten"]
[Result "1-0"]
[WhiteElo "2103"]
[BlackElo "2035"]
[PlyCount "53"]
[EventDate "2017.??.??"]

1. e4 g6 2. d4 c6 3. Nf3 d5 4. e5 Bg4 5. Be2 e6 6. c3 Nd7 7. Nbd2 c5 8. O-O Bh6
9. Qa4 Kf8 10. h3 Bxf3 11. Nxf3 Kg7 12. dxc5 Nxc5 13. Bxh6+ Nxh6 14. Qf4 Rf8
15. c4 Qe7 16. Rac1 Rfd8 17. Rfd1 Rd7 18. cxd5 Na6 19. d6 Qf8 20. Bb5 Rdd8 21.
Bxa6 bxa6 22. Rc7 Rdc8 23. Rdc1 Rxc7 24. Rxc7 Kg8 25. Qc4 Nf5 26. Qxa6 f6 27.
d7 1-0

[Event "NK senioren en veteranen 2017"]
[Site "Dieren, Netherlands"]
[Date "2017.07.16"]
[Round "2"]
[White "Sprinkhuizen, Arno"]
[Black "Perrenet, Jacob"]
[Result "0-1"]
[WhiteElo "2026"]
[BlackElo "2086"]
[PlyCount "90"]
[EventDate "2017.??.??"]

1. e4 Nc6 2. d4 d5 3. exd5 Qxd5 4. Nf3 Bg4 5. Be2 Nf6 6. O-O O-O-O 7. Be3 e6 8.
c3 Bd6 9. h3 Qh5 10. Re1 e5 11. Nh2 Bxe2 12. Qxe2 Qxe2 13. Rxe2 Rhe8 14. dxe5
Nxe5 15. Nd2 Nd5 16. Ndf1 Nd3 17. Rd2 Nxe3 18. Nxe3 Nxf2 19. Rxf2 Rxe3 20. Rxf7
Bc5 21. Kf1 Rd2 22. b4 Bd6 23. Nf3 Rc2 24. Nd4 Rcxc3 25. Nf5 Re6 26. Nxd6+ cxd6
27. Rxg7 Rc7 28. Rg8+ Kd7 29. Re1 Rf6+ 30. Kg1 Rf7 31. Rg4 Rc2 32. a4 h5 33.
Rg5 Ra2 34. a5 Rb2 35. b5 Ra2 36. Rg6 Rxa5 37. Rd1 Rxb5 38. Rgxd6+ Kc7 39. R6d2
a5 40. Rc1+ Kb6 41. Ra2 Rf4 42. Rca1 h4 43. Rf2 Rbb4 44. Raf1 Rxf2 45. Rxf2 a4
0-1

[Event "NK senioren en veteranen 2017"]
[Site "Dieren, Netherlands"]
[Date "2017.07.16"]
[Round "2"]
[White "Erwich, Frans"]
[Black "Schouten, Nico"]
[Result "0-1"]
[WhiteElo "1906"]
[BlackElo "2159"]
[PlyCount "80"]
[EventDate "2017.??.??"]

1. e4 e5 2. Nf3 Nc6 3. Bb5 a6 4. Bxc6 dxc6 5. d4 exd4 6. Qxd4 Qxd4 7. Nxd4 Bd7
8. Be3 O-O-O 9. Nd2 Ne7 10. O-O-O Ng6 11. f3 Be7 12. Rhe1 Rhe8 13. Nf1 c5 14.
Ne2 b6 15. Nc3 Kb7 16. g3 a5 17. f4 f6 18. Bf2 Bd6 19. Ne3 Kc6 20. a4 Bc8 21.
b3 Kb7 22. Nc4 Bg4 23. Rd3 Bf8 24. Rxd8 Rxd8 25. f5 Ne5 26. Nxe5 fxe5 27. h3
Bh5 28. Nd5 c4 29. g4 Be8 30. Rd1 Ba3+ 31. Kb1 b5 32. Bh4 Rb8 33. Ka2 Bd6 34.
axb5 Bxb5 35. f6 gxf6 36. Nxf6 cxb3+ 37. cxb3 a4 38. Be1 axb3+ 39. Kxb3 Ra8 40.
Bb4 Ba4+ 0-1

[Event "NK senioren en veteranen 2017"]
[Site "Dieren, Netherlands"]
[Date "2017.07.16"]
[Round "2"]
[White "Hoogland, Dirk"]
[Black "Landsbergen, Ron"]
[Result "1-0"]
[WhiteElo "2084"]
[BlackElo "1969"]
[PlyCount "143"]
[EventDate "2017.??.??"]

1. c4 Nf6 2. g3 c5 3. Bg2 Nc6 4. Nc3 e6 5. e4 g6 6. Nge2 Bg7 7. O-O O-O 8. d3
d6 9. Rb1 Ne8 10. a3 a5 11. Be3 Nd4 12. Nf4 Nc7 13. h4 Na6 14. Nce2 Rb8 15.
Nxd4 cxd4 16. Bd2 Bd7 17. b4 axb4 18. axb4 b5 19. Qb3 Qb6 20. Rfc1 Rfc8 21. Qd1
Rc7 22. Qe1 Rbc8 23. Bf1 h5 24. Rc2 Be5 25. Ra2 Kh7 26. Rba1 Nb8 27. Rc1 Na6
28. Nh3 Bg7 29. Kh2 Ra7 30. f4 Kg8 31. Ng5 Rac7 32. Nf3 e5 33. Rca1 Ra7 34.
fxe5 dxe5 35. c5 Qc6 36. Ra5 Raa8 37. R1a3 Nc7 38. Qa1 Rxa5 39. Rxa5 Ra8 40.
Be2 Be6 41. Bd1 Bg4 42. Kg2 f5 43. Bb3+ Kf8 44. Ng5 fxe4 45. dxe4 Ke7 46. Ra7
Rxa7 47. Qxa7 Kd7 48. Bd5 Qa6 49. Qb8 Qc8 50. c6+ Ke8 51. Qa7 Bf6 52. Nf7 Be7
53. Nxe5 Nxd5 54. exd5 Qf5 55. Qd7+ Qxd7 56. cxd7+ Bxd7 57. Nxg6 Bf5 58. Nf4
Bg4 59. Kf2 Kd7 60. Ng6 Bf6 61. Bg5 d3 62. Ke3 Bc3 63. Kxd3 Bxb4 64. Ne5+ Kd6
65. Nxg4 hxg4 66. Ke4 Bc3 67. Bf4+ Kd7 68. Be5 Bd2 69. h5 b4 70. Kd3 Bc1 71.
Kc4 Bd2 72. Bg7 1-0

[Event "NK senioren en veteranen 2017"]
[Site "Dieren, Netherlands"]
[Date "2017.07.16"]
[Round "2"]
[White "Mostertman, Loek"]
[Black "Jonkman, Fokke"]
[Result "0-1"]
[WhiteElo "1961"]
[BlackElo "2021"]
[PlyCount "86"]
[EventDate "2017.??.??"]

1. d4 c5 2. e4 cxd4 3. Nf3 Nc6 4. c3 dxc3 5. Nxc3 d6 6. Bc4 e6 7. O-O Be7 8.
Qe2 a6 9. a4 Qc7 10. Rd1 Nf6 11. Bg5 O-O 12. Rac1 h6 13. Bh4 Ne5 14. Nxe5 dxe5
15. g4 Bd7 16. Ba2 Bc6 17. Bg3 Qa5 18. Bb1 Rad8 19. h4 Rxd1+ 20. Rxd1 Rd8 21.
Rxd8+ Bxd8 22. g5 hxg5 23. hxg5 Nh7 24. g6 fxg6 25. Qg4 Nf8 26. Ba2 Bd7 27. Qd1
Be7 28. Kg2 Qc7 29. Qb3 Bf6 30. a5 Qc6 31. Qb4 g5 32. Nd5 Qb5 33. Nxf6+ gxf6
34. Qe7 Nh7 35. Bxe6+ Bxe6 36. Qxe6+ Kg7 37. Qe7+ Kg6 38. b4 Qc6 39. f3 g4 40.
Bh4 Qc8 41. f4 Qc2+ 42. Kg3 Qxe4 43. f5+ Qxf5 0-1

[Event "NK senioren en veteranen 2017"]
[Site "Dieren, Netherlands"]
[Date "2017.07.17"]
[Round "3"]
[White "Van den Berg, Ad"]
[Black "Schouten, Henk"]
[Result "0-1"]
[WhiteElo "2210"]
[BlackElo "2103"]
[PlyCount "80"]
[EventDate "2017.??.??"]

1. e4 c5 2. Nc3 Nc6 3. Nge2 g6 4. d4 cxd4 5. Nxd4 Bg7 6. Be3 Nf6 7. Be2 O-O 8.
f4 d6 9. O-O Bd7 10. Qd2 a6 11. a4 Rc8 12. Nb3 Na5 13. Nxa5 Qxa5 14. Bf3 Qc7
15. Rad1 Bc6 16. Rf2 Rfd8 17. Qe2 Nd7 18. Bg4 Rb8 19. Bxd7 Rxd7 20. Bd4 b5 21.
Bxg7 Kxg7 22. axb5 axb5 23. Qe3 Qa7 24. Qd4+ f6 25. Qxa7 Rxa7 26. Nd5 Kf7 27.
Re2 Rc8 28. Nb4 Bd7 29. h3 Be6 30. b3 h5 31. Rf1 Rc5 32. Ref2 f5 33. e5 dxe5
34. Nd3 Rc3 35. Nxe5+ Kf6 36. Re2 Bd5 37. Nd3 Bxb3 38. Nb4 Bc4 39. Rfe1 Ra4 40.
Rb1 Rxb4 0-1

[Event "NK senioren en veteranen 2017"]
[Site "Dieren, Netherlands"]
[Date "2017.07.17"]
[Round "3"]
[White "Van Lanen, Toon"]
[Black "Overeem, Marc"]
[Result "0-1"]
[WhiteElo "2108"]
[BlackElo "2204"]
[PlyCount "75"]
[EventDate "2017.??.??"]

1. e4 c5 2. Ne2 d6 3. Nbc3 Nf6 4. g3 b5 5. Bg2 Bb7 6. a3 e6 7. d3 a6 8. O-O
Nbd7 9. h3 Qc7 10. Be3 Be7 11. Qd2 O-O 12. g4 Nb6 13. Ng3 Rfd8 14. Bf4 Rac8 15.
Rfe1 Nbd7 16. Re2 Ne5 17. b3 Ng6 18. Bg5 h6 19. Bxf6 Bxf6 20. Rae1 Bg5 21. Qd1
Nf4 22. Re3 Nxg2 23. Kxg2 Bxe3 24. fxe3 b4 25. Nb1 d5 26. exd5 exd5 27. Nd2 Qe5
28. d4 Qc7 29. Nf3 bxa3 30. Nf5 cxd4 31. N3xd4 Re8 32. Qe2 Qe5 33. Qf3 Rc7 34.
h4 Bc8 35. Ng3 Qxd4 36. exd4 Rxe1 37. c4 a2 38. Qxd5 0-1

[Event "NK senioren en veteranen 2017"]
[Site "Dieren, Netherlands"]
[Date "2017.07.17"]
[Round "3"]
[White "Perrenet, Jacob"]
[Black "Van Rijn, Anton"]
[Result "0-1"]
[WhiteElo "2086"]
[BlackElo "2163"]
[PlyCount "64"]
[EventDate "2017.??.??"]

1. Nc3 d6 2. d4 g6 3. h4 Nf6 4. e4 Bg7 5. Bd3 a6 6. Nge2 Nc6 7. Bg5 h6 8. Bxf6
Bxf6 9. Bc4 h5 10. Nd5 Bg7 11. c3 Bg4 12. Ne3 Bd7 13. b4 e5 14. Qb3 O-O 15. Rd1
exd4 16. cxd4 a5 17. a3 axb4 18. axb4 Ne7 19. Qd3 Ra4 20. g4 hxg4 21. h5 Rxb4
22. h6 Bf6 23. e5 Bg5 24. e6 fxe6 25. Nxg4 Kh7 26. f4 Bxf4 27. Nxf4 Rxf4 28.
Qd2 Re4+ 29. Be2 Nd5 30. O-O Qe7 31. Bf3 Rexd4 32. Qf2 Rxg4+ 0-1

[Event "NK senioren en veteranen 2017"]
[Site "Dieren, Netherlands"]
[Date "2017.07.17"]
[Round "3"]
[White "Smeets, Pierre"]
[Black "Selten, Jan"]
[Result "1-0"]
[WhiteElo "1997"]
[BlackElo "2124"]
[PlyCount "49"]
[EventDate "2017.??.??"]

1. Nf3 d5 2. c4 d4 3. e4 dxe3 4. fxe3 c5 5. d4 Bg4 6. Be2 e6 7. O-O Nf6 8. Nc3
Nbd7 9. d5 exd5 10. cxd5 Bd6 11. e4 Bxf3 12. gxf3 Be5 13. Be3 a6 14. Qd2 g5 15.
Kh1 h6 16. Rg1 Qc7 17. Bf1 Qd6 18. Bh3 Nh5 19. Bf5 Nf4 20. Ne2 Nxe2 21. Qxe2
Nf6 22. Rac1 b6 23. b4 Bd4 24. Bxd4 cxd4 25. e5 1-0

[Event "NK senioren en veteranen 2017"]
[Site "Dieren, Netherlands"]
[Date "2017.07.17"]
[Round "3"]
[White "Homs, Guust"]
[Black "Hoogland, Dirk"]
[Result "1/2-1/2"]
[WhiteElo "2187"]
[BlackElo "2084"]
[PlyCount "40"]
[EventDate "2017.??.??"]

1. e4 c5 2. c3 g6 3. d4 cxd4 4. cxd4 d5 5. exd5 Nf6 6. Bb5+ Nbd7 7. Nc3 Bg7 8.
d6 exd6 9. Bf4 O-O 10. Bxd6 Re8+ 11. Nge2 a6 12. Ba4 b5 13. Bb3 Qb6 14. Bf4 Bb7
15. O-O Rad8 16. Rc1 Ne5 17. a4 Nc4 18. axb5 axb5 19. Bxc4 bxc4 20. Qa4 Ra8
1/2-1/2

[Event "NK senioren en veteranen 2017"]
[Site "Dieren, Netherlands"]
[Date "2017.07.17"]
[Round "3"]
[White "Schouten, Nico"]
[Black "Jonkman, Fokke"]
[Result "1-0"]
[WhiteElo "2159"]
[BlackElo "2021"]
[PlyCount "101"]
[EventDate "2017.??.??"]

1. d4 c5 2. dxc5 e6 3. e3 Bxc5 4. Nf3 Nf6 5. Be2 O-O 6. O-O d5 7. b3 Nc6 8. Bb2
Bd6 9. c4 dxc4 10. Bxc4 Ng4 11. Nbd2 Qc7 12. h3 Nge5 13. Rc1 Qe7 14. Be2 Nxf3+
15. Bxf3 Be5 16. Bxe5 Nxe5 17. Be4 f5 18. Bb1 b6 19. Qe2 Bb7 20. f4 Ng6 21. Nf3
Rac8 22. Bd3 Rxc1 23. Rxc1 Rd8 24. Bc4 Bd5 25. Nd4 Qf6 26. Bxd5 exd5 27. Qd3
Ne7 28. Rc7 Ra8 29. Qa6 g5 30. Qb7 Re8 31. Nf3 gxf4 32. exf4 Qd6 33. Ne5 Qb4
34. Nc6 Qe1+ 35. Kh2 Kf8 36. Nxe7 Rxe7 37. Qxd5 Rxc7 38. Qd8+ Qe8 39. Qxc7 Qe4
40. Qb8+ Kf7 41. Qxa7+ Kg8 42. Qb8+ Kf7 43. Qc7+ Kf8 44. Qe5 Qc2 45. Qh8+ Ke7
46. Qxh7+ Kd6 47. h4 Qxa2 48. Qg6+ Kc7 49. Qf7+ Kb8 50. h5 Qf2 51. Qxf5 1-0

[Event "NK senioren en veteranen 2017"]
[Site "Dieren, Netherlands"]
[Date "2017.07.17"]
[Round "3"]
[White "Etmans, Maarten"]
[Black "Erwich, Frans"]
[Result "1-0"]
[WhiteElo "2035"]
[BlackElo "1906"]
[PlyCount "49"]
[EventDate "2017.??.??"]

1. b3 e5 2. Bb2 Nc6 3. e3 Nf6 4. Bb5 Bd6 5. d4 exd4 6. exd4 O-O 7. Nf3 Re8+ 8.
Be2 Qe7 9. d5 Nxd5 10. O-O Nf4 11. Bb5 Ne5 12. Nbd2 Neg6 13. Re1 Ne6 14. Ne4
Bf4 15. Nd4 c6 16. Nf5 Qf8 17. Bxg7 Qxg7 18. Nxg7 Kxg7 19. g3 Bc7 20. Bf1 d5
21. Nc5 Rd8 22. Nxe6+ fxe6 23. f4 e5 24. fxe5 Nxe5 25. Qh5 1-0

[Event "NK senioren en veteranen 2017"]
[Site "Dieren, Netherlands"]
[Date "2017.07.17"]
[Round "3"]
[White "Gielen, Wim"]
[Black "Sprinkhuizen, Arno"]
[Result "0-1"]
[WhiteElo "1932"]
[BlackElo "2026"]
[PlyCount "108"]
[EventDate "2017.??.??"]

1. f4 Nf6 2. Nf3 c5 3. e3 Nc6 4. Be2 d6 5. O-O g6 6. d3 Bg7 7. Nc3 O-O 8. Qe1
a6 9. Bd2 d5 10. e4 Nd4 11. Nxd4 cxd4 12. Nxd5 Nxd5 13. exd5 Qxd5 14. Bf3 Qc5
15. Rc1 Re8 16. Bb4 Qb6 17. Qd2 a5 18. Ba3 Bd7 19. Rce1 e6 20. Re2 Bc6 21. Be4
Bxe4 22. Rxe4 Qc6 23. Qf2 Red8 24. Re2 b5 25. Be7 Rd5 26. Bg5 Rc5 27. Be7 Rd5
28. Bg5 Rc8 29. g4 Rc5 30. Rc1 Qd5 31. a3 Qd7 32. Qh4 Qd5 33. Rf2 Qa2 34. f5
exf5 35. gxf5 Qxb2 36. fxg6 fxg6 37. Qg4 Re8 38. Qf4 Rf5 39. Qd2 Rxf2 40. Qxf2
Qxa3 41. Rf1 Rf8 42. Qe2 Rxf1+ 43. Kxf1 Qf8+ 44. Ke1 h6 45. Be7 Qe8 46. Qe6+
Kh7 47. Qe4 Qb8 48. h4 Qe5 49. Kd2 Qxe4 50. dxe4 Kg8 51. Kd3 Kf7 52. Bc5 a4 53.
Ba3 Ke6 54. Bb4 Bf6 0-1

[Event "NK senioren en veteranen 2017"]
[Site "Dieren, Netherlands"]
[Date "2017.07.17"]
[Round "3"]
[White "Landsbergen, Ron"]
[Black "Mostertman, Loek"]
[Result "1-0"]
[WhiteElo "1969"]
[BlackElo "1961"]
[PlyCount "73"]
[EventDate "2017.??.??"]

1. e4 e5 2. Nf3 Nc6 3. d4 exd4 4. Bc4 Nf6 5. e5 d5 6. Bb5 Ne4 7. Nxd4 Bd7 8.
Bxc6 bxc6 9. O-O Be7 10. Nb3 f5 11. Be3 O-O 12. f3 f4 13. fxe4 fxe3 14. exd5
Rxf1+ 15. Qxf1 cxd5 16. Qd3 Bg5 17. Qxd5+ Kh8 18. Nc3 Bg4 19. Qe4 Bh5 20. Nd4
Bg6 21. Qg4 h5 22. Qg3 Qxd4 23. Qxg5 e2+ 24. Kh1 Qf2 25. Nxe2 Qxe2 26. Qxg6 Rf8
27. h3 h4 28. Qg5 Rf1+ 29. Rxf1 Qxf1+ 30. Kh2 Qe1 31. e6 Qxe6 32. Qxh4+ Kg8 33.
Qd8+ Kh7 34. Qxc7 Qxa2 35. b4 Qb2 36. c3 a6 37. Qc5 1-0